| 000 | 00574nam a22001697a 4500 | ||
|---|---|---|---|
| 005 | 20231117130309.0 | ||
| 008 | 231117b |||||||| |||| 00| 0 eng d | ||
| 020 | _a0409071382 | ||
| 041 | _aEnglish | ||
| 082 | _a343.4 SIL | ||
| 100 |
_ade Koker, A _lEnglish |
||
| 245 |
_aSilke on South African Income Tax: _bIncome Tax Act 58 of 1962 2005/2006 Updated to include Acts 9, 31 and 32 of 2005 / _cA de Koker |
||
| 260 |
_aDurban : _bLexisNexis Butterworth, _c2006 |
||
| 300 | _c25 cm. | ||
| 650 |
_aLegal practice _bLaw |
||
| 942 |
_cBK _6ALISON_BN_VRIES |
||
| 999 |
_c770 _d770 |
||